Conocer a los demás por la cosmopsicología / (Record no. 71162)

MARC details
000 -LEADER
campo de control de longitud fija 00826nam a2200241 i 4500
001 - NÚMERO DE CONTROL
campo de control 71162
003 - IDENTIFICADOR DE NÚMERO DE CONTROL
campo de control ES-MaACL
005 - FECHA Y HORA DE LA ÚLTIMA TRANSACCIÓN
campo de control 20250822041828.0
007 - CAMPO FIJO DE DESCRIPCIÓN FÍSICA--INFORMACIÓN GENERAL
campo de control de longitud fija t|
008 - DATOS DE LONGITUD FIJA--INFORMACIÓN GENERAL
campo de control de longitud fija 040806s1978 sp ||||1| spa d
020 ## - NÚMERO INTERNACIONAL ESTÁNDAR DEL LIBRO
Número Internacional Estándar del Libro 84-271-1100-2
100 1# - ENTRADA PRINCIPAL--NOMBRE DE PERSONA
Nombre de persona Gauquelin, Michel.
9 (RLIN) 56022
245 10 - MENCIÓN DEL TÍTULO
Título Conocer a los demás por la cosmopsicología /
Mención de responsabilidad, etc. por Michel Gauquelin ; versión española por José Luis Arriaga.
260 ## - PUBLICACIÓN, DISTRIBUCIÓN, ETC.
Lugar de publicación, distribución, etc. Bilbao :
Nombre del editor, distribuidor, etc. Mensajero,
Fecha de publicación, distribución, etc. [1978]
300 ## - DESCRIPCIÓN FÍSICA
Extensión 253 p. :
Otras características físicas il. ;
Dimensiones 23 cm.
490 1# - MENCIÓN DE SERIE
Mención de serie La psicología moderna: comprender, saber, actuar
650 07 - PUNTO DE ACCESO ADICIONAL DE MATERIA--TÉRMINO DE MATERIA
Término de materia o nombre geográfico como elemento de entrada Astrología
Fuente del encabezamiento o término embne
9 (RLIN) 10384
650 07 - PUNTO DE ACCESO ADICIONAL DE MATERIA--TÉRMINO DE MATERIA
Término de materia o nombre geográfico como elemento de entrada Carácter
Fuente del encabezamiento o término embne
9 (RLIN) 10773
700 1# - ENTRADA AGREGADA--NOMBRE PERSONAL
Nombre de persona Arriaga, José Luis.
9 (RLIN) 23276
830 13 - PUNTO DE ACCESO ADICIONAL DE SERIE-TÍTULO UNIFORME
Título uniforme La psicología moderna: comprender, saber, actuar
9 (RLIN) 231061
852 ## - LOCALIZACIÓN
Ubicación ES-MaACL
Número de control de estantería L-9823
Holdings
Estatus retirado Estado de pérdida Estado de daño No para préstamo Biblioteca de origen Biblioteca actual Ubicación en estantería Fecha de adquisición Fuente de adquisición Total de préstamos Signatura topográfica completa Código de barras Visto por última vez Precio de reemplazo Tipo de ítem Koha
        Biblioteca del Ateneo de Madrid Biblioteca del Ateneo de Madrid Depósito 2 17/01/2008     L-9823 1074512 23/02/2023 23/02/2023 Libro impreso